000 00633nam a2200241Ia 4500
003 OSt
005 20221007105940.0
006 a|||||r|||| 00| 0
007 ta
008 221006b |||||||| |||| 00| 0 eng d
024 _a19,955
037 _cTextual
040 _aLCO
_cLCO
_beng
041 _2eng
_aeng
082 _aZ2,181, L8
100 _aWalmsley Keith Ed.
_9278233
245 0 _aCompany Law Handbook
260 _aLondon
_bButterworths UK
_c1978
300 _a462+25
650 _aCOMPANY LAW HANDBOOK
_9706994
942 _hZ2,181, L8
_cTEXL
999 _c1189518
_d1189518